Welcome to the Holygrace Academy Library

Please use search bar below to get started

THE THIRTY-NINE STEPS (Record no. 5719)

MARC details
000 -LEADER
fixed length control field 00323nam a22001457a 4500
020 ## - INTERNATIONAL STANDARD BOOK NUMBER
ISBN 81-7167-928-5
082 ## - DEWEY DECIMAL CLASSIFICATION NUMBER
Classification number 823
Item number BUC/T
100 ## - MAIN ENTRY--AUTHOR NAME
Personal name BUCHAN, JOHN
245 ## - TITLE STATEMENT
Title THE THIRTY-NINE STEPS
260 ## - PUBLICATION, DISTRIBUTION, ETC. (IMPRINT)
Place of publication NEW DELHI
Name of publisher RUPA CO.
Year of publication 2002
300 ## - PHYSICAL DESCRIPTION
Number of Pages 133
520 ## - SUMMARY, ETC.
Summary, etc CHILDRENS NOVEL
650 ## - SUBJECT ADDED ENTRY--TOPICAL TERM
Topical Term CHILDRENS NOVEL
942 ## - ADDED ENTRY ELEMENTS (KOHA)
Koha item type Books
Holdings
Withdrawn status Lost status Collection code Home library Current library Shelving location Date acquired Source of acquisition Cost, normal purchase price Full call number Accession Number Koha item type
    Fiction Main Library Main Library SHELF 15-I-CHILDREN'S STORYBOOKS 23/10/2006 Purchase 50.00 823 BUC/T 03616 Books